02580nam a2200277 a 450000100100000000500170001000800410002702000150006804000250008324501310010826000930023930000210033249000220035350514650037565000200184065000310186065000200189165000230191165000320193470000280196670000240199471000560201895201050207495201060217999900170228500002476420250714091949.0110203s1995 sp r 000 | spa d a9686101454 aDO-SdBNPbspacBNPHU00aCampo académico de la comunicación :bhacia una reconstrucción reflexiva /ccoordinadores Jesús Galindo y Carlos Luna. aMéxico, D. F. :bInstituto Tecnológico y de Estudios Superiores de Occidente,c1995. a326 p. ;c21 cm.1 aPensar la Cultura0 tPresentacióntLa institucionalización académica de las ciencias de la comunicación: campos, disciplina, profesiones /rRaúl Fuentes NavarrotLa investigación de la comunicación en tiempos neoliberales. Nuevos retos y posibilidades /rEnrique E. Sánchez RuiztLa comunicación percibida. El campo académico de la comunicación /rJesús Galindo CácerestPensar la ciudad desde la comunicación. Un ejercicio necesario /rRossana ReguillotEnseñanza de la comunicación: tensiones y desencuentros /rCarlos E. Luna CortéstEl humanismo en las escuelas de comunicación y el saber filosófico /rFrancisco PrietotEros, ethos y pathos académicos. Acercamiento impresionista a algunas de las dimensiones de la relación maestro-alumno en las escuelas de comunicación /rÁngela María Godoy FajardotEnseñanza profesional de la comunicación: estrategias curriculares de la comunicación y mediaciones metodologías /rCarlos E. Luna CortéstMercado ocupacional y el profesional de la comunicación /rMargarita Reyna RuiztDesafíos pedagógicos de la formación profesional del comunicador: modernización y democracia /rGuillermo Orozco GómeztLa comunicación como mentalidad y como forma de vida. Juego de saberes y sentidos sobre lo humano y lo social /rJesús Galindo CácerestAnexo. Bibliografía general del campo académico de la comunicación en México (1986-1994) /rRaúl Fuentes Navarro 0aSocialismo9287 4aNacional socialismo950815 4aComunismo92880 0aSindicalismo97274 4aSistemas económicos974221 aGalindo, Jesús9508161 aLuna, Carlos9508172 aConsejo Nacional para la Cultura y las Artes947134 001050718MOaGRbGRcHDd2011-02-03iLF1l0o p24764-10r2020-06-25w2020-06-25y1ZNo se presta 0010507-18MOaGRbGRcOId2017-05-29iLF1l0o p24764-20r2020-06-25w2020-06-25y1ZNo se presta c24257d24257